[Event "14th EUR-ch"]
[Site "Legnica POL"]
[Date "2013.05.10"]
[Round "6"]
[White "Fedorchuk, Serhii"]
[Black "Nyback, Tomi"]
[Result "1-0"]
[WhiteElo "2660"]
[BlackElo "2593"]
[EventDate "2013.05.05"]
[PlyCount "97"]

1.e4 e5 2.Nf3 Nc6 3.Bb5 a6 4.Ba4 Nf6 5.O-O Be7 6.d3 b5 7.Bb3 d6 8.a3 O-O 
9.Nc3 h6 10.h3 Be6 11.Nd5 Na5 12.Ba2 c5 13.b4 Nb7 14.Be3 Rc8 15.Nd2 Nxd5 
16.exd5 Bd7 17.Re1 Bg5 18.c4 Bxe3 19.Rxe3 f5 20.Nf3 Qf6 21.Rc1 Kh8 22.cxb5
axb5 23.bxc5 Nxc5 24.d4 exd4 25.Nxd4 Rfe8 26.Ne6 Ne4 27.Nc7 Rf8 28.Qe1 Qd4
29.Bb1 Qb6 30.Bxe4 fxe4 31.Rec3 Rf5 32.R1c2 Rcf8 33.Re3 Rc8 34.Qc1 Re5 35.
Rg3 Rf8 36.Qb2 Rf7 37.Rg6 Rf6 38.Rxf6 gxf6 39.Kh2 Kg7 40.Qb4 Kf7 41.a4 e3 
42.a5 Qa7 43.Qxd6 Re7 44.Qb6 Qxb6 45.axb6 exf2 46.Rxf2 Bc8 47.Nxb5 Rd7 48.
Rc2 Rxd5 49.b7 1-0

[Event "14th EUR-ch"]
[Site "Legnica POL"]
[Date "2013.05.10"]
[Round "6"]
[White "Kravtsiv, Martyn"]
[Black "Zhigalko, Sergei"]
[Result "1-0"]
[WhiteElo "2595"]
[BlackElo "2660"]
[EventDate "2013.05.05"]
[PlyCount "79"]

1.e4 c5 2.Nf3 d6 3.d4 cxd4 4.Nxd4 Nf6 5.Nc3 a6 6.Be3 e6 7.Be2 Qc7 8.Qd2 b5
9.a3 Bb7 10.f3 Nc6 11.g4 Na5 12.O-O-O Nd7 13.Nb3 Nc4 14.Bxc4 bxc4 15.Nd4 
Rb8 16.Kb1 Ba8 17.Ka1 Be7 18.Rb1 Qa5 19.Rhd1 h5 20.h3 Nc5 21.Nde2 h4 22.
Bd4 Rg8 23.Bf2 g5 24.Qd4 Nd7 25.Qxc4 Ne5 26.Qd4 Rc8 27.Qa7 Nc6 28.Qe3 Ne5 
29.Na2 Rxc2 30.Rdc1 Rxc1 31.Rxc1 f6 32.f4 gxf4 33.Nxf4 Kf7 34.Qb3 d5 35.
Nc3 Bc5 36.Ncxd5 exd5 37.Rxc5 Qd8 38.exd5 Qd6 39.Rc1 Nxg4 40.Rc7+ 1-0

[Event "14th EUR-ch"]
[Site "Legnica POL"]
[Date "2013.05.10"]
[Round "6"]
[White "Ivanisevic, Ivan"]
[Black "Babula, Vlastimil"]
[Result "1/2-1/2"]
[WhiteElo "2655"]
[BlackElo "2591"]
[EventDate "2013.05.05"]
[PlyCount "98"]

1.d4 Nf6 2.Nf3 e6 3.e3 c5 4.Bd3 cxd4 5.exd4 b6 6.O-O Bb7 7.c4 Be7 8.Nc3 d5
9.cxd5 Nxd5 10.Ne5 O-O 11.Qg4 f5 12.Qe2 Bf6 13.Bc4 Re8 14.Bb5 Re7 15.Rd1 
a6 16.Ba4 b5 17.Bb3 Nd7 18.Nxd5 Bxd5 19.Bxd5 exd5 20.Bf4 Qe8 21.Qf3 Nxe5 
22.dxe5 Bxe5 23.Qxd5+ Kh8 24.Bg5 Re6 25.Rab1 h6 26.Be3 Rc8 27.h3 f4 28.Bd2
Qc6 29.Qxc6 Rexc6 30.Re1 Rc2 31.Rxe5 Rxd2 32.Rf5 Rcc2 33.Rxf4 Rxb2 34.Rxb2
Rxb2 35.a4 Kg8 36.axb5 Rb1+ 37.Kh2 Rxb5 38.Kg3 a5 39.f3 Rb8 40.h4 Ra8 41.
Ra4 Kf7 42.Kf4 Ke6 43.h5 Kd5 44.g4 Kc5 45.g5 Kb5 46.gxh6 gxh6 47.Ra1 a4 
48.Ke5 Kb4 49.Kf6 Rf8+ 1/2-1/2

[Event "14th EUR-ch"]
[Site "Legnica POL"]
[Date "2013.05.10"]
[Round "6"]
[White "Kulaots, Kaido"]
[Black "Siugirov, Sanan"]
[Result "1/2-1/2"]
[WhiteElo "2586"]
[BlackElo "2654"]
[EventDate "2013.05.05"]
[PlyCount "105"]

1.e4 c5 2.Nf3 d6 3.d4 cxd4 4.Nxd4 Nf6 5.Nc3 a6 6.g3 e5 7.Nb3 Be7 8.Bg2 b5 
9.a4 b4 10.Nd5 Nxd5 11.Qxd5 Ra7 12.Be3 Be6 13.Qd3 Rd7 14.O-O O-O 15.Rfc1 
Qc8 16.c3 bxc3 17.Rxc3 Rc7 18.Rac1 Rxc3 19.Qxc3 Qd7 20.a5 Qb5 21.Nd2 Qb7 
22.Nc4 Rc8 23.Qd3 Nd7 24.Bf1 Rc6 25.Rc3 h6 26.f3 Qb4 27.Nb6 Nc5 28.Qd2 Nb3
29.Nd5 Bxd5 30.Qxd5 Rxc3 31.bxc3 Qxc3 32.Bf2 Nxa5 33.Bb6 Nb3 34.Bc4 Qe1+ 
35.Kg2 Qd2+ 36.Qxd2 Nxd2 37.Ba2 d5 38.exd5 e4 39.f4 Bd6 40.Kf2 f5 41.Bc7 
e3+ 42.Kxe3 Ne4 43.Bc4 Bc5+ 44.Ke2 Kf8 45.Ba5 Nf6 46.Kf3 Ke7 47.h3 g5 48.
g4 fxg4+ 49.hxg4 gxf4 50.Kxf4 Kd6 51.Bxa6 Nxd5+ 52.Kf5 Ne3+ 53.Ke4 1/2-1/2

[Event "14th EUR-ch"]
[Site "Legnica POL"]
[Date "2013.05.10"]
[Round "6"]
[White "Gajewski, Grzegorz"]
[Black "Svetuschin, Dumitru"]
[Result "1/2-1/2"]
[WhiteElo "2653"]
[BlackElo "2588"]
[EventDate "2013.05.05"]
[PlyCount "157"]

1.d4 Nf6 2.c4 e6 3.Nf3 d5 4.Nc3 Be7 5.Bg5 h6 6.Bh4 O-O 7.e3 Ne4 8.Bxe7 
Qxe7 9.Rc1 c6 10.h4 Nd7 11.g4 f5 12.gxf5 Rxf5 13.Bd3 Ndf6 14.Bxe4 dxe4 15.
Ne5 c5 16.Rg1 Bd7 17.Ne2 cxd4 18.Qxd4 Be8 19.Rd1 Qc7 20.Ng4 Nxg4 21.Rxg4 
Bh5 22.Rg2 Bf3 23.Rg3 Rf7 24.Rd2 Raf8 25.Ng1 Bh5 26.Rg2 Qa5 27.Qxe4 Rd8 
28.f4 Rfd7 29.Qe5 Qxe5 30.fxe5 Rd3 31.Rxd3 Rxd3 32.Kf2 Rd1 33.Nh3 Ra1 34.
Nf4 Bf7 35.a3 Rc1 36.Kf3 Rxc4 37.Rd2 Be8 38.h5 Kf7 39.Ng6 Bc6+ 40.Kg3 Ke8 
41.Rf2 Rc1 42.Rf8+ Kd7 43.Rf7+ Kd8 44.Nf4 Bd7 45.Kf2 Rc5 46.Ng6 Rc2+ 47.
Kg3 Rxb2 48.Rxg7 Rb3 49.Rh7 Rxe3+ 50.Kg4 Re4+ 51.Kg3 Re3+ 52.Kf4 Rxa3 53.
Rxh6 Rh3 54.Rh8+ Kc7 55.Rh7 Kc6 56.h6 Rh1 57.Ne7+ Kb6 58.Ng8 Ba4 59.Re7 a5
60.Rxe6+ Kc5 61.Rf6 b5 62.Ra6 Bb3 63.Nf6 a4 64.h7 b4 65.Ra8 a3 66.h8=Q 
Rxh8 67.Rxh8 a2 68.Ra8 Kd4 69.Ne4 Bc4 70.Nd2 Bd5 71.Ra5 b3 72.Rxd5+ Kxd5 
73.Nxb3 Kc4 74.Na1 Kc3 75.e6 Kb2 76.e7 Kxa1 77.e8=Q Kb2 78.Qb5+ Kc2 79.
Qc4+ 1/2-1/2

[Event "14th EUR-ch"]
[Site "Legnica POL"]
[Date "2013.05.10"]
[Round "6"]
[White "Petrosian, Tigran L."]
[Black "Iordachescu, Viorel"]
[Result "1/2-1/2"]
[WhiteElo "2645"]
[BlackElo "2582"]
[EventDate "2013.05.05"]
[PlyCount "73"]

1.e4 e5 2.Nf3 Nc6 3.Bc4 Bc5 4.b4 Bxb4 5.c3 Ba5 6.d4 d6 7.dxe5 dxe5 8.Qxd8+
Nxd8 9.Nxe5 Be6 10.Bb5+ c6 11.Be2 Nf6 12.f3 O-O 13.Nc4 Bxc4 14.Bxc4 Ne6 
15.Kd1 b5 16.Bxe6 fxe6 17.Kc2 Rfd8 18.Nd2 Bb6 19.a4 Nd7 20.Nb3 Nc5 21.Nxc5
Bxc5 22.Bg5 Rd7 23.axb5 cxb5 24.Rhb1 Rb7 25.Ra6 Kf7 26.Rc6 Bf8 27.Be3 a5 
28.Bc5 Bxc5 29.Rxc5 b4 30.cxb4 axb4 31.Rc4 Ra4 32.Rb2 Kf6 33.Kb3 Ra3+ 34.
Kc2 Ra4 35.Kb3 Ra3+ 36.Kc2 Ra4 37.Kb3 1/2-1/2

[Event "14th EUR-ch"]
[Site "Legnica POL"]
[Date "2013.05.10"]
[Round "6"]
[White "Balogh, Csaba"]
[Black "Markowski, Tomasz"]
[Result "1-0"]
[WhiteElo "2644"]
[BlackElo "2567"]
[EventDate "2013.05.05"]
[PlyCount "64"]

1.e4 g6 2.d4 Bg7 3.Nc3 c6 4.f4 d5 5.e5 Qb6 6.Na4 Qc7 7.Nc5 Nh6 8.Be2 b6 9.
Nd3 c5 10.c3 O-O 11.Nf3 Bg4 12.Nf2 Be6 13.O-O Nc6 14.dxc5 bxc5 15.Ng5 Qb6 
16.Nxe6 fxe6 17.Nh3 c4+ 18.Kh1 Nf7 19.Bg4 Rad8 20.Qe1 Kh8 21.Be3 Qxb2 22.
Bxe6 Nfxe5 23.fxe5 Rxf1+ 24.Qxf1 Qxc3 25.Bf4 Nxe5 26.Rc1 Qd4 27.Bxe5 Qxe5 
28.Re1 Qf6 29.Qxf6 Bxf6 30.Nf4 c3 31.Nxd5 c2 32.Ne3 Bc3 1-0

[Event "14th EUR-ch"]
[Site "Legnica POL"]
[Date "2013.05.10"]
[Round "6"]
[White "Parligras, Mircea"]
[Black "Hracek, Zbynek"]
[Result "1/2-1/2"]
[WhiteElo "2570"]
[BlackElo "2628"]
[EventDate "2013.05.05"]
[PlyCount "81"]

1.Nf3 d5 2.d4 Nf6 3.c4 e6 4.Nc3 Nbd7 5.cxd5 exd5 6.Bf4 c6 7.Qc2 Nh5 8.Bg5 
Be7 9.Bxe7 Qxe7 10.e3 Nb6 11.h3 g6 12.g4 Ng7 13.O-O-O Be6 14.Ne5 O-O-O 15.
Kb1 Kb8 16.Na4 Nxa4 17.Qxa4 f6 18.Nd3 Bc8 19.Be2 h5 20.Nc5 hxg4 21.hxg4 
Ne6 22.Nxe6 Bxe6 23.Qc2 f5 24.gxf5 Bxf5 25.Bd3 Bxd3 26.Qxd3 Qf6 27.Qe2 g5 
28.a3 Qf5+ 29.Qc2 Qf3 30.Rxh8 Rxh8 31.Rg1 Rf8 32.Rxg5 Qxf2 33.Qxf2 Rxf2 
34.Rg8+ Kc7 35.Rg7+ Kb6 36.Ka2 a5 37.a4 Rf3 38.Re7 Rg3 39.Kb3 Rf3 40.Kc3 
Rf1 41.b3 1/2-1/2

[Event "14th EUR-ch"]
[Site "Legnica POL"]
[Date "2013.05.10"]
[Round "6"]
[White "Grigorian, Karen"]
[Black "Dubov, Daniil"]
[Result "0-1"]
[WhiteElo "2559"]
[BlackElo "2622"]
[EventDate "2013.05.05"]
[PlyCount "99"]

1.e4 c5 2.Nc3 Nc6 3.g3 g6 4.Bg2 Bg7 5.d3 d6 6.f4 e6 7.Nf3 Nge7 8.O-O O-O 
9.Be3 b6 10.Bf2 Bb7 11.Qd2 Qd7 12.Rad1 Rad8 13.Rfe1 Nd4 14.Nxd4 cxd4 15.
Ne2 e5 16.c3 dxc3 17.bxc3 d5 18.exd5 Bxd5 19.Bxd5 Nxd5 20.c4 Nf6 21.fxe5 
Ng4 22.Nf4 Nxe5 23.Qe2 Rfe8 24.Nd5 b5 25.Qe4 Re6 26.Nf4 Ra6 27.Qe2 Qb7 28.
Nd5 Re6 29.Qe4 Qd7 30.Nf4 Ra6 31.Qe2 Qb7 32.Nd5 Ra4 33.d4 Nxc4 34.Ne7+ Kh8
35.d5 Nd6 36.Nc6 Rd7 37.Qc2 h5 38.Be3 Kh7 39.Bf4 Nf5 40.Qg2 Qb6+ 41.Kh1 
Qc5 42.Ne5 Re7 43.Nf3 Bf6 44.Rxe7 Bxe7 45.Qe2 Rc4 46.Rd2 a5 47.Kg2 Rc3 48.
d6 Bxd6 49.Ng5+ Kg7 50.Qe8 0-1

[Event "14th EUR-ch"]
[Site "Legnica POL"]
[Date "2013.05.10"]
[Round "6"]
[White "Stocek, Jiri"]
[Black "Saric, Ivan"]
[Result "0-1"]
[WhiteElo "2549"]
[BlackElo "2622"]
[EventDate "2013.05.05"]
[PlyCount "82"]

1.d4 Nf6 2.c4 g6 3.Nc3 Bg7 4.e4 d6 5.h3 O-O 6.Be3 Na6 7.Bd3 e5 8.Nge2 exd4
9.Bxd4 Re8 10.O-O b6 11.f3 Bb7 12.Qd2 Nc5 13.Rad1 a5 14.Bc2 Ne6 15.Bf2 Nh5
16.Nd5 Ba6 17.Ba4 Rf8 18.Bc6 Rb8 19.b3 Bb7 20.Bxb7 Rxb7 21.Rc1 c6 22.Ndc3 
Be5 23.Be3 f5 24.f4 Bxc3 25.Nxc3 fxe4 26.Nxe4 d5 27.cxd5 Qxd5 28.Qxd5 cxd5
29.f5 gxf5 30.Nd6 f4 31.Nxb7 fxe3 32.Rxf8+ Kxf8 33.Nd6 d4 34.Nf5 Nhf4 35.
Re1 e2 36.Ng3 d3 37.Ne4 Nd4 38.Rb1 Nc2 39.Kf2 Ke7 40.Kf3 Nd5 41.Kf2 Ke6 
0-1

[Event "14th EUR-ch"]
[Site "Legnica POL"]
[Date "2013.05.10"]
[Round "6"]
[White "Lenic, Luka"]
[Black "Duda, Jan-Krzysztof"]
[Result "1-0"]
[WhiteElo "2621"]
[BlackElo "2506"]
[EventDate "2013.05.05"]
[PlyCount "110"]

1.d4 Nf6 2.c4 e6 3.Nf3 b6 4.e3 Bb7 5.Bd3 Be7 6.Nc3 d5 7.O-O O-O 8.cxd5 
Nxd5 9.Na4 Nd7 10.e4 Nb4 11.Bb1 c5 12.a3 Nc6 13.d5 exd5 14.exd5 Nce5 15.
Nc3 Re8 16.Bc2 Bf6 17.Bf4 Nxf3+ 18.Qxf3 Ne5 19.Qg3 Ng6 20.Bc7 Bh4 21.Bxd8 
Bxg3 22.Bxb6 Bxh2+ 23.Kxh2 axb6 24.Rfe1 Kf8 25.Na4 Rxe1 26.Rxe1 Ra6 27.Nc3
Nf4 28.d6 Ne6 29.Bxh7 Ra8 30.Bf5 Nd4 31.Bd7 Rd8 32.Re7 Nc6 33.Nd5 b5 34.
Bg4 Rxd6 35.Rxb7 Rxd5 36.Bf3 Rd6 37.Rxb5 Nd4 38.Rxc5 Nxf3+ 39.gxf3 Rd3 40.
Rb5 Rxf3 41.Kg2 Rd3 42.a4 Ke7 43.a5 Rd1 44.Rb7+ Ke6 45.a6 Ra1 46.a7 Kd6 
47.Rxf7 g6 48.Kg3 Ra4 49.f4 Ke6 50.Rb7 Kf5 51.b3 Ra1 52.Kf3 Rf1+ 53.Ke3 
Ra1 54.b4 Ra3+ 55.Kd4 Kxf4 1-0

[Event "14th EUR-ch"]
[Site "Legnica POL"]
[Date "2013.05.10"]
[Round "6"]
[White "Kreisl, Robert"]
[Black "Popov, Ivan"]
[Result "1/2-1/2"]
[WhiteElo "2380"]
[BlackElo "2620"]
[EventDate "2013.05.05"]
[PlyCount "162"]

1.Nf3 Nf6 2.c4 g6 3.Nc3 Bg7 4.e4 c5 5.d4 Qa5 6.Bd2 cxd4 7.Nxd4 Nc6 8.Nb3 
Qc7 9.Be2 O-O 10.O-O d6 11.Rc1 b6 12.Bg5 Nd7 13.f4 h6 14.Bh4 Nc5 15.Nd5 
Qd8 16.Nxc5 bxc5 17.Qd2 Bd4+ 18.Kh1 f6 19.f5 g5 20.Be1 Rb8 21.b3 Kg7 22.
Bh5 Rb7 23.Qe2 e6 24.fxe6 Bxe6 25.Bg3 Be5 26.Bxe5 dxe5 27.Bg4 Nd4 28.Qd1 
Bg8 29.Qd2 Qd6 30.Qa5 Bh7 31.Rce1 Bg6 32.h4 h5 33.Bf5 Bxf5 34.exf5 g4 35.
Qd2 Rd7 36.Rd1 Rfd8 37.Qe3 Qc6 38.Nc3 Nc2 39.Rxd7+ Rxd7 40.Qe2 Nb4 41.Ne4 
Nd3 42.Ng3 Kh6 43.Qe3+ Nf4 44.Rxf4 exf4 45.Qxf4+ Kh7 46.Nxh5 Rd4 47.Qb8 
Rd1+ 48.Kh2 Qd6+ 49.Qxd6 Rxd6 50.Kg3 Kg8 51.Kxg4 Kf7 52.Nf4 Rd2 53.Kf3 
Rxa2 54.Nd3 Ra3 55.Nxc5 Ra5 56.b4 Ra3+ 57.Ke4 Rg3 58.Kd5 Rxg2 59.Ne4 Ke7 
60.c5 Rb2 61.Nd6 Rxb4 62.Nc8+ Kd8 63.Nxa7 Rxh4 64.Ke6 Rc4 65.c6 Kc7 66.Kd5
Rc1 67.Nb5+ Kb6 68.Nd4 Rd1 69.Kc4 Rc1+ 70.Kd5 Rd1 71.Kc4 Re1 72.Kd5 Re5+ 
73.Kd6 Rc5 74.Ke6 Rc4 75.Kd5 Ra4 76.Ne6 Ra1 77.Nd4 Rd1 78.Kc4 Kc7 79.Kc5 
Rc1+ 80.Kd5 Re1 81.Ne6+ Kb6 1/2-1/2

[Event "14th EUR-ch"]
[Site "Legnica POL"]
[Date "2013.05.10"]
[Round "6"]
[White "Papp, Gabor"]
[Black "Tomashevsky, Evgeny"]
[Result "1-0"]
[WhiteElo "2570"]
[BlackElo "2719"]
[EventDate "2013.05.05"]
[PlyCount "132"]

1.e4 c6 2.Nc3 d5 3.Nf3 Bg4 4.h3 Bxf3 5.Qxf3 Nf6 6.d3 e6 7.Bd2 Bb4 8.a3 Ba5
9.e5 d4 10.exf6 dxc3 11.bxc3 Qxf6 12.Qxf6 gxf6 13.Rb1 b6 14.g3 Nd7 15.Bg2 
Rc8 16.Kd1 Nc5 17.c4 Bxd2 18.Kxd2 Ke7 19.a4 Rhd8 20.a5 Nd7 21.axb6 axb6 
22.Ra1 Rc7 23.Ra6 Rdc8 24.Rha1 f5 25.Ra8 Kd6 26.Ke3 Rxa8 27.Rxa8 b5 28.
cxb5 cxb5 29.Kd2 Kc5 30.f4 b4 31.Bf3 Kb5 32.g4 fxg4 33.hxg4 f5 34.gxf5 
exf5 35.Rh8 Nc5 36.Rb8+ Ka5 37.Ra8+ Kb5 38.Bd5 Nd7 39.Be6 Nc5 40.Bc4+ Kb6 
41.Rb8+ Nb7 42.Bd5 Ka7 43.Rf8 Nd6 44.Rf6 Nb5 45.Rxf5 Rxc2+ 46.Kxc2 Nd4+ 
47.Kb2 Nxf5 48.Be4 Nd4 49.Bxh7 Kb6 50.f5 Kc7 51.f6 Kd6 52.Bg8 Kd7 53.Bc4 
Kd6 54.Kc1 Nf3 55.Kd1 Nd4 56.Kd2 Ne6 57.f7 Nf8 58.d4 Ke7 59.Kc2 Ng6 60.Kb3
Nh4 61.Kxb4 Nf3 62.Kc5 Ng5 63.Bd5 Nh3 64.Be6 Ng5 65.d5 Nh7 66.Kc6 Nf8 1-0

[Event "14th EUR-ch"]
[Site "Legnica POL"]
[Date "2013.05.10"]
[Round "6"]
[White "Jianu, Vlad-Cristian"]
[Black "Nepomnyaschy, Yan"]
[Result "1/2-1/2"]
[WhiteElo "2555"]
[BlackElo "2710"]
[EventDate "2013.05.05"]
[PlyCount "59"]

1.d4 Nf6 2.c4 g6 3.Nf3 Bg7 4.g3 d5 5.cxd5 Nxd5 6.Bg2 O-O 7.O-O c5 8.e4 Nf6
9.e5 Nfd7 10.e6 fxe6 11.Nc3 Nc6 12.dxc5 Nxc5 13.Be3 Qa5 14.a3 Rd8 15.Qc2 
Nd3 16.b4 Qf5 17.Qb3 Nde5 18.Nxe5 Qxe5 19.Na4 Qf5 20.Rad1 Nd4 21.Bxd4 Rxd4
22.Rxd4 Bxd4 23.Qc4 Qf6 24.Nc5 Kh8 25.Ne4 Qg7 26.Ng5 Qf6 27.Ne4 Qg7 28.Ng5
Qf6 29.Ne4 Qg7 30.Ng5 1/2-1/2

[Event "14th EUR-ch"]
[Site "Legnica POL"]
[Date "2013.05.10"]
[Round "6"]
[White "Dvirnyy, Danyyil"]
[Black "Wojtaszek, Radoslaw"]
[Result "0-1"]
[WhiteElo "2541"]
[BlackElo "2701"]
[EventDate "2013.05.05"]
[PlyCount "48"]

1.e4 c5 2.Nf3 d6 3.d4 cxd4 4.Nxd4 Nf6 5.Nc3 a6 6.Bc4 e6 7.Bb3 b5 8.O-O Be7
9.Qf3 Qb6 10.Be3 Qb7 11.Qg3 b4 12.Na4 Nbd7 13.f4 Qxe4 14.Rae1 Bb7 15.f5 e5
16.Ne6 fxe6 17.fxe6 Nf8 18.Qxg7 Qg6 19.Qf7+ Kd8 20.Bb6+ Kc8 21.g3 Qxf7 22.
exf7 N8d7 23.Be3 Kc7 24.Bh6 Bf8 0-1

[Event "14th EUR-ch"]
[Site "Legnica POL"]
[Date "2013.05.10"]
[Round "6"]
[White "Yilmaz, Mustafa"]
[Black "Nisipeanu, Liviu-Dieter"]
[Result "1/2-1/2"]
[WhiteElo "2537"]
[BlackElo "2679"]
[EventDate "2013.05.05"]
[PlyCount "98"]

1.c4 g6 2.d4 Bg7 3.e4 d6 4.Nc3 Nf6 5.Nf3 O-O 6.h3 e5 7.d5 a5 8.g4 Na6 9.
Be3 Bd7 10.Nd2 Nc5 11.Be2 a4 12.b4 axb3 13.axb3 Na6 14.Qb1 c5 15.dxc6 bxc6
16.b4 Nc7 17.b5 Rxa1 18.Qxa1 cxb5 19.Nxb5 Nxb5 20.cxb5 d5 21.Bc5 Re8 22.
Qa7 Bh6 23.exd5 Bxd2+ 24.Kxd2 Bxb5 25.d6 Ne4+ 26.Ke1 Nxd6 27.Bxd6 Qxd6 28.
Bxb5 Qb4+ 29.Kf1 Qxb5+ 30.Kg2 Qd5+ 31.Kh2 Qd4 32.Ra1 Qf4+ 33.Kg2 Qe4+ 34.
Kh2 Qf4+ 35.Kg2 h5 36.Qa4 Qxa4 37.Rxa4 Kg7 38.g5 e4 39.h4 Kf8 40.Kf1 e3 
41.Ke2 exf2+ 42.Kxf2 Re5 43.Ra7 Re4 44.Kg3 Ke8 45.Rb7 Rg4+ 46.Kh3 Rd4 47.
Kg3 Rd3+ 48.Kg2 Rd7 49.Rxd7 Kxd7 1/2-1/2

[Event "14th EUR-ch"]
[Site "Legnica POL"]
[Date "2013.05.10"]
[Round "6"]
[White "Potkin, Vladimir"]
[Black "Esen, Baris"]
[Result "0-1"]
[WhiteElo "2666"]
[BlackElo "2557"]
[EventDate "2013.05.05"]
[PlyCount "130"]

1.d4 d5 2.c4 c6 3.Nc3 Nf6 4.cxd5 cxd5 5.Bf4 Nc6 6.e3 Bf5 7.Qb3 Na5 8.Qa4+ 
Bd7 9.Bb5 Nc6 10.Qd1 e6 11.Nf3 Be7 12.h3 Ne4 13.Nxe4 dxe4 14.Nd2 Bb4 15.a3
Bxd2+ 16.Qxd2 Ne7 17.Be2 Qb6 18.O-O O-O 19.Rfc1 Nd5 20.Bg3 Rac8 21.Rxc8 
Rxc8 22.Rc1 Rxc1+ 23.Qxc1 h6 24.Qc2 f5 25.Bc4 Qc6 26.Be5 Nb6 27.b3 Nd5 28.
a4 a6 29.a5 Qc8 30.Qe2 Qe8 31.Kh2 Bc6 32.g4 Qf7 33.gxf5 Qxf5 34.Qf1 Bb5 
35.Qg2 g6 36.Kg1 Nb4 37.Qg3 Nd3 38.Bd6 Kh7 39.Ba3 g5 40.h4 Bxc4 41.bxc4 
Qxa5 42.Be7 g4 43.Bf8 h5 44.d5 exd5 45.cxd5 Kg8 46.Bh6 Qa1+ 47.Kh2 Ne5 48.
Kg2 Nf3 49.Qb8+ Kh7 50.Qxb7+ Kxh6 51.Qc6+ Kh7 52.Qd7+ Qg7 53.Qf5+ Qg6 54.
Qd7+ Kh6 55.Qe7 Qf5 56.Qd6+ Kg7 57.Qe7+ Qf7 58.Qxe4 Nxh4+ 59.Kf1 Nf5 60.
Qd3 Qf6 61.e4 Nd6 62.Qe3 Qe5 63.Qa7+ Nf7 64.Qxa6 Qxe4 65.d6 Qd4 0-1

[Event "14th EUR-ch"]
[Site "Legnica POL"]
[Date "2013.05.10"]
[Round "6"]
[White "Zviagintsev, Vadim"]
[Black "Moranda, Wojciech"]
[Result "1/2-1/2"]
[WhiteElo "2655"]
[BlackElo "2560"]
[EventDate "2013.05.05"]
[PlyCount "158"]

1.c4 e6 2.Nc3 d5 3.d4 c5 4.cxd5 exd5 5.Nf3 Nc6 6.e3 c4 7.b3 Bb4 8.Bd2 Bxc3
9.Bxc3 b5 10.bxc4 bxc4 11.Bxc4 dxc4 12.d5 Nce7 13.Bxg7 Ng6 14.Qd4 f6 15.
O-O Kf7 16.Bxh8 Nxh8 17.Qxc4 Qd6 18.Rac1 Ne7 19.Rfd1 Kf8 20.Nd4 Qxd5 21.
Nf5 Qxf5 22.Rd8+ Kg7 23.Qc7 Ng6 24.h3 Qe5 25.Qxe5 fxe5 26.Rc7 Kf7 27.f4 
exf4 28.exf4 Nxf4 29.Rh8 Kg7 30.Rhxc8 Rxc8 31.Rxe7+ Kg6 32.Rxa7 Rc2 33.Ra4
Kf5 34.Ra5+ Ke6 35.Ra6+ Ke5 36.Ra5+ Nd5 37.Kh2 h5 38.Ra4 Nf4 39.Kg3 h4+ 
40.Kxh4 Rxg2 41.Ra5+ Kf6 42.Ra6+ Ne6 43.a4 Kf5 44.Ra5+ Kf4 45.Rb5 Nd4 46.
Rb4 Ke5 47.a5 Ra2 48.Kg4 Rxa5 49.Rb1 Ne6 50.Re1+ Kf6 51.h4 Ra4+ 52.Kg3 Ng7
53.Kf3 Rxh4 54.Ke3 Ke5 55.Kd3+ Kd5 56.Ke3 Ne6 57.Kf3 Rf4+ 58.Kg3 Rf8 59.
Rd1+ Nd4 60.Kg4 Ke4 61.Re1+ Kd3 62.Rd1+ Ke3 63.Kg5 Nf3+ 64.Kg6 Ke4 65.Kg7 
Ra8 66.Kf6 Kf4 67.Rf1 Ra6+ 68.Ke7 Ke4 69.Rb1 Nd4 70.Re1+ Kd5 71.Rd1 Rg6 
72.Kf7 Rg3 73.Kf6 Rg2 74.Kf7 Ke5 75.Re1+ Kd6 76.Rf1 Rg3 77.Kf6 Rd3 78.Ra1 
Rf3+ 79.Kg6 Ne6 1/2-1/2

[Event "14th EUR-ch"]
[Site "Legnica POL"]
[Date "2013.05.10"]
[Round "6"]
[White "Kurnosov, Igor"]
[Black "Goganov, Alexei"]
[Result "1/2-1/2"]
[WhiteElo "2654"]
[BlackElo "2552"]
[EventDate "2013.05.05"]
[PlyCount "80"]

1.e4 c6 2.d4 d5 3.e5 c5 4.Nf3 Bg4 5.dxc5 Nc6 6.c3 e6 7.b4 Bxf3 8.Qxf3 Nxe5
9.Bb5+ Nc6 10.O-O Be7 11.Bf4 Bf6 12.Na3 Ne7 13.Rad1 Qc8 14.Nc2 O-O 15.Qh3 
Rd8 16.Bd6 Nf5 17.Bd3 Nxd6 18.Qxh7+ Kf8 19.cxd6 Rxd6 20.c4 dxc4 21.Bxc4 
Rxd1 22.Rxd1 Ne5 23.Bb3 Ke7 24.Nd4 Qc3 25.Qe4 Rd8 26.Qxb7+ Rd7 27.Qe4 Rxd4
28.Rxd4 Qxd4 29.Qxd4 Nf3+ 30.gxf3 Bxd4 31.Kf1 Bc3 32.a3 Kd6 33.f4 f5 34.
Ke2 Bb2 35.a4 Bc1 36.Kf3 Bd2 37.b5 Ke7 38.h4 Kd6 39.h5 Ke7 40.Bc4 Kd7 
1/2-1/2

[Event "14th EUR-ch"]
[Site "Legnica POL"]
[Date "2013.05.10"]
[Round "6"]
[White "Gabuzian, Hovhannes"]
[Black "Istratescu, Andrei"]
[Result "0-1"]
[WhiteElo "2532"]
[BlackElo "2651"]
[EventDate "2013.05.05"]
[PlyCount "76"]

1.g3 e5 2.c4 c6 3.Nf3 e4 4.Nd4 Qb6 5.Nc2 d5 6.Bg2 dxc4 7.Nc3 Nf6 8.O-O Be6
9.Ne3 Nbd7 10.Nxe4 Nxe4 11.Bxe4 h5 12.Qc2 Qc5 13.b4 cxb3 14.axb3 h4 15.Bf5
hxg3 16.Bxe6 gxh2+ 17.Kh1 fxe6 18.Qg6+ Kd8 19.Qxe6 Qb5 20.Ra4 Rh6 21.Qg4 
Qxb3 22.d3 Rf6 23.Re4 Qf7 24.Nc4 b5 25.Na5 Kc7 26.Bg5 Kb6 27.Be3+ Bc5 28.
d4 Bd6 29.d5+ c5 30.Ra1 Rg6 31.Qh3 Rg1+ 32.Rxg1 hxg1=R+ 33.Kxg1 Qg6+ 34.
Rg4 Qb1+ 35.Kg2 Kxa5 36.Rxg7 Qe4+ 37.Kg1 Nb6 38.Bd2+ b4 0-1

[Event "14th EUR-ch"]
[Site "Legnica POL"]
[Date "2013.05.10"]
[Round "6"]
[White "Safarli, Eltaj"]
[Black "Halkias, Stelios"]
[Result "1/2-1/2"]
[WhiteElo "2651"]
[BlackElo "2549"]
[EventDate "2013.05.05"]
[PlyCount "92"]

1.e4 e5 2.Nf3 Nc6 3.Bb5 a6 4.Ba4 Nf6 5.O-O Be7 6.d3 b5 7.Bb3 O-O 8.a4 Bb7 
9.Nc3 Na5 10.Ba2 b4 11.Ne2 d5 12.Nxe5 dxe4 13.d4 c5 14.Bg5 Qc7 15.c3 Rad8 
16.cxb4 cxb4 17.Ng3 b3 18.Bxb3 Nxb3 19.Qxb3 Rxd4 20.Nf5 Qxe5 21.Bxf6 Bxf6 
22.Nxd4 Bd5 23.Qc3 Qxd4 24.Qxd4 Bxd4 25.Rad1 Bc4 26.Rxd4 Bxf1 27.Kxf1 f5 
28.Ke2 Rb8 29.b4 Kf7 30.Kd2 Ke6 31.Kc3 g6 32.Rc4 Rb6 33.Rc5 Rd6 34.b5 axb5
35.axb5 Rd1 36.Kb4 Rd2 37.b6 Kd6 38.Rc8 Rb2+ 39.Ka5 Ra2+ 40.Kb5 Rb2+ 41.
Ka6 Rxf2 42.b7 Ra2+ 43.Kb6 Rb2+ 44.Ka6 Ra2+ 45.Kb6 Rb2+ 46.Ka6 Ra2+ 
1/2-1/2

[Event "14th EUR-ch"]
[Site "Legnica POL"]
[Date "2013.05.10"]
[Round "6"]
[White "Postny, Evgeny"]
[Black "Kraemer, Martin"]
[Result "1-0"]
[WhiteElo "2637"]
[BlackElo "2544"]
[EventDate "2013.05.05"]
[PlyCount "119"]

1.Nf3 Nf6 2.c4 b6 3.g3 Bb7 4.Bg2 e6 5.O-O Be7 6.d4 O-O 7.Re1 d5 8.cxd5 
exd5 9.Nc3 Na6 10.Bf4 Ne4 11.Rc1 c5 12.a3 Bf6 13.Be5 Re8 14.e3 Bxe5 15.
Nxe5 Qf6 16.Qf3 Qe6 17.Nd3 Qd6 18.dxc5 bxc5 19.Nf4 Rad8 20.Nxe4 Rxe4 21.
Qe2 Re7 22.Nxd5 Bxd5 23.Bxd5 Qxd5 24.Red1 Qa8 25.Qxa6 Rxd1+ 26.Rxd1 h6 27.
Rd6 Qb8 28.Qd3 Re8 29.b3 Rf8 30.Qd5 a5 31.a4 Qb4 32.Rc6 Rb8 33.Rxc5 Qxb3 
34.Qxb3 Rxb3 35.Rxa5 Ra3 36.h4 g6 37.g4 Rc3 38.Kg2 Rc4 39.Kg3 Kg7 40.Ra8 
h5 41.gxh5 gxh5 42.a5 Rg4+ 43.Kh3 Ra4 44.a6 Kf6 45.a7 Kf5 46.f3 Ra1 47.Kg3
Rg1+ 48.Kf2 Ra1 49.Ke2 Ra3 50.Kd2 Ra1 51.Kc3 Rc1+ 52.Kd4 Ra1 53.Kd5 Ra6 
54.Kc5 Ra3 55.Kd6 Kf6 56.e4 Rd3+ 57.Kc5 Ra3 58.f4 Ra6 59.e5+ Kg7 60.f5 1-0

[Event "14th EUR-ch"]
[Site "Legnica POL"]
[Date "2013.05.10"]
[Round "6"]
[White "Nyzhnyk, Illya"]
[Black "Cyborowski, Lukasz"]
[Result "1-0"]
[WhiteElo "2635"]
[BlackElo "2543"]
[EventDate "2013.05.05"]
[PlyCount "75"]

1.d4 Nf6 2.c4 e6 3.Nf3 c5 4.d5 exd5 5.cxd5 d6 6.Nc3 a6 7.a4 g6 8.e4 Bg4 9.
Be2 Bg7 10.O-O O-O 11.h3 Bxf3 12.Bxf3 Nbd7 13.Bf4 Qe7 14.Re1 Rab8 15.Be2 
Ne8 16.Bf1 Nc7 17.Qd2 Rfc8 18.Bg3 Qf8 19.f4 b5 20.axb5 axb5 21.e5 b4 22.
Ne4 dxe5 23.fxe5 Nxe5 24.Qf2 Nd7 25.Red1 Ra8 26.Rac1 Ne8 27.Bb5 Nef6 28.
Nd6 Rd8 29.Bh2 Nb6 30.Qxc5 Nfd7 31.Qf2 Ra2 32.Nb7 Rxb2 33.Qf3 Ne5 34.Bxe5 
Bxe5 35.Nxd8 Qxd8 36.d6 Bxd6 37.Rc6 Nc8 38.Ba6 1-0

[Event "14th EUR-ch"]
[Site "Legnica POL"]
[Date "2013.05.10"]
[Round "6"]
[White "Dragun, Kamil"]
[Black "Miton, Kamil"]
[Result "1/2-1/2"]
[WhiteElo "2520"]
[BlackElo "2624"]
[EventDate "2013.05.05"]
[PlyCount "111"]

1.e4 c5 2.Nf3 Nc6 3.Bb5 e6 4.O-O Nge7 5.Re1 a6 6.Bf1 d5 7.exd5 Nxd5 8.d4 
Nf6 9.Be3 Be7 10.c4 cxd4 11.Nxd4 Bd7 12.Nc3 O-O 13.a3 Qc7 14.Rc1 Rfd8 15.
Qe2 Nxd4 16.Bxd4 Bc6 17.Red1 Qf4 18.Qe3 Qh4 19.h3 Nd7 20.Qe2 Nc5 21.g3 Qg5
22.Be3 Qf5 23.Rxd8+ Rxd8 24.Rd1 Rxd1 25.Qxd1 Na4 26.Bg2 Nxc3 27.bxc3 Bxg2 
28.Kxg2 Qe4+ 29.Kh2 Qxc4 30.Qd7 Bxa3 31.Qxb7 h6 32.Bd4 f6 33.h4 Bf8 34.Qa7
e5 35.Be3 h5 36.Kg2 Qc6+ 37.Kh2 Bd6 38.Bb6 Kh7 39.Kg1 Kg6 40.Kh2 Kh7 41.
Kg1 Kg6 42.Kh2 Kf5 43.Ba5 g6 44.Bb6 Qc8 45.Qf7 Qe6 46.Qb7 e4 47.Kg2 g5 48.
Be3 Be7 49.hxg5 fxg5 50.c4 h4 51.c5 Kg4 52.c6 Qf5 53.Kg1 Qd5 54.Kg2 Qf5 
55.Kg1 Qd5 56.Kg2 1/2-1/2

[Event "14th EUR-ch"]
[Site "Legnica POL"]
[Date "2013.05.10"]
[Round "6"]
[White "Guseinov, Gadir"]
[Black "Maiorov, Nikita"]
[Result "1-0"]
[WhiteElo "2623"]
[BlackElo "2535"]
[EventDate "2013.05.05"]
[PlyCount "67"]

1.e4 e5 2.Nf3 Nc6 3.Bb5 a6 4.Bxc6 dxc6 5.O-O Qf6 6.d4 exd4 7.Bg5 Qd6 8.
Nxd4 Be7 9.Be3 Nf6 10.f3 O-O 11.Nd2 c5 12.Nc4 Qd8 13.Ne2 Qe8 14.Bf4 Qc6 
15.Ng3 Be6 16.Ne3 c4 17.Nef5 Bc5+ 18.Kh1 Rfd8 19.Qe1 Ne8 20.Be5 Qa4 21.Qc1
f6 22.Bc3 Qd7 23.Qf4 b5 24.b4 cxb3 25.axb3 b4 26.Bb2 Kh8 27.e5 Qd2 28.Qe4 
Bd5 29.Qg4 Qxc2 30.Rab1 fxe5 31.Bxe5 Bf8 32.Nh5 Rd7 33.Nd4 Qg6 34.Qxd7 1-0